| 000 | 00881nam a22002417a 4500 | ||
|---|---|---|---|
| 005 | 20151014124034.0 | ||
| 008 | 151014b mx ||||| |||| 00| 0 spa d | ||
| 020 | _a9686348131 | ||
| 050 | 0 | 4 |
_aKJC7005 _bV55 1996 |
| 100 | 1 | _aVillanueva, Ernesto | |
| 245 | 1 | 0 |
_aCódigos europeos de ética periodística : _bun análisis comparativo / _cErnesto Villanueva ; director Miguel Ángel Sánchez de Armas ; editor Omar Raúl Martínez. |
| 250 | _a1a ed. | ||
| 260 |
_aMéxico : _bFundación Manuel Buendia, _c1996 |
||
| 300 |
_a178 p. ; _c21 cm. |
||
| 490 | 0 | _aColección Tinta y Voz | |
| 504 | _aIncluye índice | ||
| 650 | 7 |
_2LEMB _aPrensa _xLegislación _zEuropa |
|
| 650 | 7 |
_2LEMB _aLibertad de prensa _zEuropa |
|
| 650 | 7 |
_2LEMB _aÉtica periodística _zEuropa |
|
| 700 | 1 |
_aSánchez de Armas, Miguel Ángel, _edir. |
|
| 700 | 1 |
_aMartínez, Omar Raúl, _eed. |
|
| 942 |
_2lcc _cLIB |
||
| 999 |
_c104468 _d104468 |
||